000 00454nam a22001817a 4500
003 MPLRDC
005 20220104182556.0
008 210129b ||||| |||| 00| 0 eng d
020 _a7-5317-2168-0
082 _a857.75 LXY
100 _a李雪夜
245 _a鬼舞之龙城险境
_c
250 _a一版一刷
260 _a中国
_b北方文艺出版社
_c2007
300 _b
650 _a中国当代长篇小说
942 _cBK
_o857.75 LXY
999 _c62023
_d62013